Who's who on the postage stamps of Argentina (Record no. 2586)

000 -LEADER
fixed length control field 00396nam a22000977a 4500
008 - FIXED-LENGTH DATA ELEMENTS--GENERAL INFORMATION
fixed length control field 171216b xxu||||| |||| 00| 0 eng d
100 ## - MAIN ENTRY--AUTHOR'S NAME
Author's Name Alfaro, Rogelio
245 ## - TITLE STATEMENT
Title Who's who on the postage stamps of Argentina
260 ## - PUBLICATION, DISTRIBUTION, ETC. (IMPRINT)
Place of publication, distribution, etc. Washington DC
Name of publisher, distributor, etc. Pan American Union
Date of publication, distribution, etc. 1943
650 ## - TOPICAL TERM (Tag)
Topical term or geographic name Argentina | Topical Collecting | Famous People | History | Biographies | Definitive Issues | Commemorative Issues | Designs
Holdings
Withdrawn status Lost status Source of classification or shelving scheme Damaged status Koha normalized classification for sorting Not for loan Permanent Location Current Location Shelving location Date acquired Total Checkouts Full call number Barcode Date last seen Copy number Price effective from
        G5351 T674 A385   Northern Philatelic Library Northern Philatelic Library General Stacks 12/16/2017   G5351 T674 A385 1002855 12/16/2017 1 12/16/2017
        G5351 T674 A385   Northern Philatelic Library Northern Philatelic Library General Stacks 12/16/2017   G5351 T674 A385 1002856 12/16/2017 2 12/16/2017

Powered by Koha